Dans quels pays peut-on voir un cratère d'impact ? - Statistiques

Statistiques générales
  • Ce quiz a été pris 9 fois
  • Le résultat moyen est 25 sur 39
Statistiques - réponses
Continent Diamètre en km Nombre dans le pays Pays % Correct
Europe 24 2 Allemagne
100%
Europe 21 2 France
100%
Amérique 170 1 Mexique
100%
Europe 0.06 7 Pologne
100%
Asie-Europe 100 19 Russie
100%
Afrique 0.45 4 Algérie
89%
Océanie 90 25 Australie
89%
Amérique 250 29 Canada
89%
Amérique 90 29 Etats-Unis
89%
Europe 30 10 Finlande
89%
Europe 40 2 Norvège
89%
Europe 52 6 Suède
89%
Afrique 300 4 Afrique-du-Sud
78%
Amérique 4.5 2 Argentine
78%
Amérique 40 5 Brésil
78%
Europe 10 1 Royaume-Uni
78%
Europe 24 7 Ukraine
78%
Amérique 0.46 1 Chili
67%
Amérique 50 1 Colombie
67%
Europe 100 2 Danemark
67%
Asie 1.3 1 Mongolie
67%
Asie 1.8 1 Inde
56%
Afrique 18 4 Libye
56%
Asie 0.12 1 Arabie Saoudite
44%
Europe 15 1 Biélorussie
44%
Amérique 6.5 Bolivie
44%
Europe 10 12 Estonie
44%
Asie 2.5 1 Irak
44%
Asie-Europe 14 4 Kazakhstan
44%
Europe 4.5 1 Lettonie
44%
Europe 8 2 Lituanie
44%
Afrique 14 2 Tchad
44%
Afrique 2.5 1 Namibie
33%
Afrique 3.5 1 Botswana
22%
Afrique 10.5 1 Ghana
22%
Afrique 2 2 Mauritanie
22%
Amérique 14 1 Nicaragua
22%
Amérique 2.7 1 Panama
22%
Asie 52 1 Tadjikistan
22%
Aucun quiz correspondant
Distribution des résultats
% des personnes avec chaque résultat
Percentile par nombre de réponses
Votre historique - résultats
Vous n’avez pas pris ce quiz